000 00964nam a2200289 a 4500
001 BRCA_5109
005 20190320204937.0
008 181110s1895----fr-a######---#000-0#fre-#
041 _afre
044 _afr
050 4 _aND621.V4
_b.L34 1895
100 1 _aLafenestre, Georges
_d1837-1919
_913029
245 1 0 _aVenise
_cpar Georges Lafenestre et Eugéne Richtenberger.
260 _aParís
_bLibrairies-Imprimeries Reúnies
_c[1895?]
300 _axxiii, 363 p.
_bil.
_c19 cm.
440 0 _aLa peinture en Europe
_913030
500 _aIncluye índice alfabético de los autores
500 _aCon ex-libris de: Dr. P. J. Meier
500 _aIncluye cien fotografías y seis grabados de los barrios de Venecia
500 _aEstado físico: algunas hojas arrugadas y rotas
500 _aE10
504 _aBibliografía: p. [xxi]-xxiii
650 1 4 _aPintura
_zVenecia
_913031
700 1 _aRichtenberger, Eugéne
_913032
902 _aGFM
942 _2lcc
_cB
999 _c4803
_d4803